000
00257nam a2200097 a 4500
005
20140414131949.0
008
110201s19uu xx 00 eng d
050
_a
TR 363.2
_b
G65 2005
245
_a
A child's first reading program: champion 4.
999
_c
112739
_d
112739